Curso de filosofía para cientificos : (Record no. 41523)

MARC details
000 -LEADER
fixed length control field 00529nam a22001577a 4500
005 - DATE AND TIME OF LATEST TRANSACTION
control field 20150124125046.0
008 - FIXED-LENGTH DATA ELEMENTS--GENERAL INFORMATION
fixed length control field 130913t fr||||| |||| 00| 0 spa d
050 04 - LIBRARY OF CONGRESS CALL NUMBER
Classification number B809 .8
Item number A58 1975
100 1# - MAIN ENTRY--PERSONAL NAME
Personal name Althusser, Louis
245 10 - TITLE STATEMENT
Title Curso de filosofía para cientificos :
Remainder of title (introducción : filosofía y filosofia espontánea de los cientificos) /
Statement of responsibility, etc Louis Althusser.
250 ## - EDITION STATEMENT
Edition statement 1a. ed.
260 ## - PUBLICATION, DISTRIBUTION, ETC. (IMPRINT)
Place of publication, distribution, etc Paris, Francia :
Name of publisher, distributor, etc Diez,
Date of publication, distribution, etc 1975
300 ## - PHYSICAL DESCRIPTION
Extent 158 p.;
Dimensions 22 cm.
650 #7 - SUBJECT ADDED ENTRY--TOPICAL TERM
Source of heading or term Lemb
Topical term or geographic name as entry element Materialismo Dialectico
942 ## - ADDED ENTRY ELEMENTS (KOHA)
Source of classification or shelving scheme Clasificación Decimal Dewey
Koha item type Libro
Holdings
Estado de pérdida Fuente de clasificación Estado del daño No para préstamo Ubicación permanente Ubicación actual Apartado o colección Fecha de adquisición Clasificación Código de Barras Date last seen Número de copia Tipo de recurso Edición Área del conocimiento
  Biblioteca del Cogreso de los Estados Unidos     Biblioteca de la Facultad de Filosofía Biblioteca de la Facultad de Filosofía General 13/09/2013 B809 .8 A58 1975 BFF000001863 16/01/2015 1 Libro    
  Biblioteca del Cogreso de los Estados Unidos     Biblioteca de la Facultad de Filosofía Biblioteca de la Facultad de Filosofía General 13/09/2013 B809 .8 A58 1975 BFF000001864 16/01/2015 2 Libro    
  Biblioteca del Cogreso de los Estados Unidos     Biblioteca de la Facultad de Filosofía Biblioteca de la Facultad de Filosofía General 13/09/2013 B809 .8 A58 1975 BFF000001869 16/01/2015 3 Libro    
  Biblioteca del Cogreso de los Estados Unidos     Biblioteca de la Preparatoria Ing. Pascual Ortiz Rubio Biblioteca de la Preparatoria Ing. Pascual Ortiz Rubio General 14/07/2015 B67 A5 1975 PPO000001415 14/07/2015 C:1 Libro 1a. ed. Educación y Humanidades
  Biblioteca del Cogreso de los Estados Unidos     Biblioteca de la Preparatoria Ing. Pascual Ortiz Rubio Biblioteca de la Preparatoria Ing. Pascual Ortiz Rubio General 14/07/2015 B67 A5 1975 PPO000001416 14/07/2015 C:2 Libro 1a. ed. Educación y Humanidades
  Biblioteca del Cogreso de los Estados Unidos     Biblioteca de la Preparatoria Isaac Arriaga Biblioteca de la Preparatoria Isaac Arriaga General 01/08/2017 B67 A5 1975 pia000001520 01/08/2017 C:1 Libro 1a  
  Biblioteca del Cogreso de los Estados Unidos     Biblioteca de la Preparatoria Isaac Arriaga Biblioteca de la Preparatoria Isaac Arriaga General 01/08/2017 B67 A5 1975 pia000001521 01/08/2017 C:2 Libro 1a